| 000 | 00627nam a22001937a 4500 | ||
|---|---|---|---|
| 005 | 20251108173719.0 | ||
| 008 | 250721s2005 xx 000 0 ara d | ||
| 020 | _a9953338647 | ||
| 082 | 1 | 4 | _aط/612.1/مكت |
| 245 | 1 | 0 | _aموسوعة جسم الإنسان المبسطة : الدم و القلب / |
| 264 | 1 |
_aبيروت : _bمكتبة لبنان ناشرون، _c2005. |
|
| 300 | _a32ص | ||
| 490 | 0 | _aكتب الفراشة-موسوعة جسم الإنسان المبسطة | |
| 650 | 1 | 7 | _aالدم |
| 650 | 1 | 7 | _aالقلب |
| 653 | _aناشاون صغار (10-14) سنه | ||
| 942 |
_2ddc _cBK |
||
| 999 |
_c110639 _d110639 |
||